Statistiques concernant TOP 10 des pays avec le plus de juifs

Cliquez ici pour prendre le quiz!

Statistiques générales

  • Ce quiz a été pris 437 fois
  • Le résultat moyen est 7 sur 10

Statistiques - réponses

HintRéponse% Correct
TOP 3
(500 k)
France
98%
TOP 1
(6,7 millions)
Israël
97%
TOP 2
(6,5 millions)
États-Unis
94%
TOP 9
(118 k)
Allemagne
87%
TOP 5
(400 k)
Canada
76%
TOP 6
(300 k)
Royaume-Uni
76%
TOP 8
(165 k)
Russie
75%
TOP 7
(180 k)
Argentine
44%
TOP 10
(118 k)
Australie
43%
TOP 4
(400 k)
Palestine
40%

Distribution des résultats

Percentile par nombre de réponses

% des personnes avec chaque résultat

Votre développement - résultats

Vous n’avez pas pris ce quiz